000 00700cam a2200181 i 4500
005 20251110093538.0
008 250721s2003 jo a gr 000 0 ara d
082 1 4 _a371.9
_bز ع ب
100 1 _aالزعبي، أحمد
_eمؤلف.
245 1 2 _aالتربية الخاصة للموهوبين والمعوقون وسبل رعايتهم وإرشادهم /
_cالدكتور أجمد محمد الزعبي.
264 3 1 _aعمان :
_bدار زهران للنشر والتوزيع،
_c2003.
300 _a282 صفحة.
650 1 7 _aالتربية الخاصة.
650 1 7 _aالتعليم.
650 1 7 _aالطلاب المعوقون.
942 _2ddc
_cBK
999 _c62657
_d62657